000 00313nam a2200133Ia 4500
008 210210b1929 xxu||||| |||| 00| 0 eng d
082 _a821/745
100 _aWORDSWORTH (W)
245 _aPoems
260 _aLondon
_bMacmillan & Co. Ltd.
_c1929
650 _aPoems
690 _aEnglish Poetry
906 _a011913
999 _c130643
_d130643